Music Quiz

Random Music or Lyrics Quiz

Jim Moray Lyrics Quiz Stats

 Plays Quiz not verified by Sporcle

Score 0/15 Timer 12:00
0 Plays Today
Lyrics Song % Correct
Now my mother is dead, and I'm left all alone,Sweet England
78.8%
And never was there a love so constant, since bold Sophia has crossed the sea.Lord Bateman
78.8%
Write a little note, set it off afloat…All You Pretty Girls
78.8%
Oh don't deceive me, oh never leave me.Early One Morning
76.9%
And there he stood, her own true lover.Three Black Feathers
73.1%
I'll be true to my love, if my love will be true to me.Two Sisters
71.2%
I sailed to the west with a schoolmate of mine…Leaving Australia
71.2%
Amelia where you bound to?Across The Western Ocean
65.4%
Lyrics Song % Correct
Your flower won't do for me, because it fades too soon.The Seeds of Love
65.4%
He's taken off his scarlet coat and got a garter below his knee.Gilderoy
65.4%
The clay will not contain me, and keep me from your arms.Nightvisiting
65.4%
Young men don't you spend all your single life in vain.April Morning
65.4%
So saddle to me my milk white steed, bridle me my pony…Gypsies
59.6%
I wish I was some little swallow, and I had wings and I could fly.Fair and Tender Lovers
57.7%
The jury and the judge only agreed for murder of my love I hanged will be.My Sweet Rose
51.9%

You're not logged in!

Compare scores with friends on all Sporcle quizzes.
OR
Log In

Show Comments

Extras

Created Oct 31, 2010ReportNominate
Tags:Lyrics Quiz

Top Quizzes Today


Score Distribution

Your Account Isn't Verified!

In order to create a playlist on Sporcle, you need to verify the email address you used during registration. Go to your Sporcle Settings to finish the process.

Report this User

Report this user for behavior that violates our Community Guidelines.

Details: